Quiz o Nowej Sarzynie - Statystyki

Ogólne statystyki
  • Ten quiz został rozwiązany 5 razy
  • Średni wynik to 11 z 15
Statystyki odpowiedzi
Pytanie Odpowiedź % Poprawnych
Jakie tablice rejestracyjne obowiązują w Nowej Sarzynie? RLE
100%
Jak nazywało się to miasto do 14 lutego 1968? Sarzyna (wtedy jeszcze nie była miastem)
100%
Do jakiego województwa należało miasto w latach 1975–1998? Województwa {rzeszowskiego}
100%
W jakim powiecie leży miasto? W powiecie {Leżajskim}
100%
W jakim wieku miasto otrzymało prawa miejskie? XX
100%
Jakie kolory zawiera herb miasta? Biały
75%
Jakie kolory zawiera herb miasta? Czarny
75%
Jakie kolory zawiera herb miasta? Niebieski
75%
Jakie kolory zawiera herb miasta? Żółty
75%
Kto jest burmistrzem Nowej Sarzyny? Andrzej Rychel
50%
Z jakią gminamą miejsko-wiejską graniczy gmina Nowa Sarzyna? Gmina {Sokołów Małopolski}
50%
Jak nazywa się nowosarzyński klub piłkarski? Unia Nowa Sarzyna
50%
A jak nazywało się dawniej? Zakłady Chemiczne Organika-Sarzyna | Ciech-Sarzyna SA
50%
Jakie łotewskie miasto jest miastem partnerskim Nowej Sarzyny? Olaine
25%
Jak nazywa się przedsiębiorstwo chemiczne z siedzibą w Nowej Sarzynie Qemetica Agricultural Solutions Poland
25%
Nie znaleziono quizów pasujących do podanych kryteriów
Rozkład punktacji
Procent ludzi z każdym wynikiem
Percentyl według liczby udzielonych odpowiedzi
Twoja historia wyników
Nie rozwiązałeś tego quizu